000 00426cam a22001217a 4500
008 180718b1988 xxu||||| |||| 00| 0 eng d
082 _aA81x54 In2/81/8/PT10C/S
100 _aCensus of India 1981
245 _aJammu and Kashmir: survey report (restudy) on village, Sudhmhadev
260 _aDelhi
_bThe Controller of Publications
_c1988
300 _a155+p.
440 _aCensus of India 1981. Series-8, Jammu and Kashmir. Part-XC
999 _c482786
_d482786